000 01382cab a22002535a 4500
001 L139715
008 070806s2007 xxk f 000 0 eng d
035 _a(Sirsi) u139715
041 0 _aeng
100 1 _aTurner, Adrian
245 0 0 _aHMOs
260 _c2007
490 _aAgreement
_v14(4) August 2007, 14-20(5)
520 _aOffers an interpretation on the legislation governing Houses of Multiple Occupation (HMOs). Considers that HMO licences can be granted to a named individual, a limited company, a partnership or an organisation. Addresses HMOs affected by section 257 of the Housing Act 2004. Reports on a landlord who was fined for operating an unlicensed HMO. Provides an overview of the powers local authorities may use to control anti-social behaviour in private rented housing.
590 _aKA
650 2 4 _aHOUSING ACT 2004 PART II
650 2 4 _aHOUSING ACT 2004 S257
650 2 4 _aINTERPRETATION ACT 1978 S6
650 2 4 _aHOUSES IN MULTIPLE OCCUPATION (CERTAIN CONVERTED BLOCKS OF FLATS) (MODIFICATIONS TO THE HOUSING ACT 2004 AND TRANSITIONAL PROVISIONS FOR SECTION 257 HMOS) (ENGLAND) REGULATIONS 2007
650 2 4 _aLICENSING AND MANAGEMENT OF HOUSES IN MULTIPLE OCCUPATION (ADDITIONAL PROVISIONS) (ENGLAND) REGULATIONS 2007
651 4 _aUnited Kingdom
_y
690 _aPROPERTY-RESIDENTIAL PROPERTY-RESIDENTIAL LANDLORD AND TENANT
942 _n0
999 _c79067
_d79067